Becoming High Value Woman / (Record no. 198567)

MARC details
000 -LEADER
fixed length control field 01200nam a2200361 i 4500
003 - CONTROL NUMBER IDENTIFIER
control field OSt
005 - DATE AND TIME OF LATEST TRANSACTION
control field 20250121154309.0
008 - FIXED-LENGTH DATA ELEMENTS--GENERAL INFORMATION
fixed length control field 250120s2024 my a gr 000 0 may d
020 ## - INTERNATIONAL STANDARD BOOK NUMBER
International Standard Book Number 9789673698127
Terms of availability RM25.00
Qualifying information paperback
040 ## - CATALOGING SOURCE
Original cataloging agency PPAK
Language of cataloging eng
Transcribing agency PPAK
Description conventions rda
082 04 - DEWEY DECIMAL CLASSIFICATION NUMBER
Edition number 23
Classification number 305.4
090 00 - LOCALLY ASSIGNED LC-TYPE CALL NUMBER (OCLC); LOCAL CALL NUMBER (RLIN)
Classification number (OCLC) (R) ; Classification number, CALL (RLIN) (NR) 305.4
Feature heading MEI
Feature heading G
100 0# - MAIN ENTRY--PERSONAL NAME
Personal name Meisya Sallwa,
Relator term author.
245 10 - TITLE STATEMENT
Title Becoming High Value Woman /
Statement of responsibility, etc. Meisya Sallwa ; Sidang Editorial: Ikram Wazir, Puteri Balqis, Nurina Izlin, Nurul Asyiqin, Mazura, Alam Anuar, Miliza
264 #1 - PRODUCTION, PUBLICATION, DISTRIBUTION, MANUFACTURE, AND COPYRIGHT NOTICE
Place of production, publication, distribution, manufacture Batu Caves, Selangor :
Name of producer, publisher, distributor, manufacturer PUTEH PRESS,
Date of production, publication, distribution, manufacture, or copyright notice 2024
300 ## - PHYSICAL DESCRIPTION
Extent 192 pages :
Other physical details illustrations ;
Dimensions 21 cm
336 ## - CONTENT TYPE
Content type term text
Source rdacontent
337 ## - MEDIA TYPE
Media type term unmediated
Source rdamedia
338 ## - CARRIER TYPE
Carrier type term volume
Source rdacarrier
490 1# - SERIES STATEMENT
Series statement Gwenchana SERIES
650 10 - SUBJECT ADDED ENTRY--TOPICAL TERM
Topical term or geographic name entry element Women
General subdivision Conduct of life
Topical term or geographic name entry element Women
General subdivision Psychology
Topical term or geographic name entry element Women
700 0# - ADDED ENTRY--PERSONAL NAME
Personal name Ikram Wazir,
Relator term editor.
Personal name Puteri Balqis,
Relator term editor.
Personal name Nurina Izlin,
Relator term editor.
Personal name Nurul Asyiqin,
Relator term editor.
Personal name Mazura,
Relator term editor.
Personal name Alam Anuar,
Relator term editor.
Personal name Miliza,
Relator term editor.
830 #0 - SERIES ADDED ENTRY--UNIFORM TITLE
Uniform title Gwenchana series
942 ## - ADDED ENTRY ELEMENTS (KOHA)
Source of classification or shelving scheme Dewey Decimal Classification
Koha item type Book
Holdings
Withdrawn Not for loan Current library Shelving location Date acquired Total Checkouts Full call number Barcode Date last seen Koha item type
    Perpustakaan Alor Setar Pinjaman Dewasa 03/02/2025   305.4 MEI A01860250 03/02/2025 Book
    Perpustakaan Awam Sungai Petani Pinjaman Dewasa 03/02/2025   305.4 MEI A01860251 03/02/2025 Book
    Perpustakaan Baling Pinjaman Dewasa 03/02/2025   305.4 MEI A01860255 03/02/2025 Book
    Perpustakaan Bandar Baharu Pinjaman Dewasa 03/02/2025   305.4 MEI A01860256 03/02/2025 Book
    Perpustakaan Jitra Pinjaman Dewasa 03/02/2025   305.4 MEI A01860252 03/02/2025 Book
    Perpustakaan Kulim Pinjaman Dewasa 03/02/2025   305.4 MEI A01860254 03/02/2025 Book
    Perpustakaan Langkawi Pinjaman Dewasa 03/02/2025   305.4 MEI A01860253 03/02/2025 Book